Stolice Państw które graniczą z polską - Statystyki

Ogólne statystyki
  • Ten quiz został rozwiązany 124 razy
  • Średni wynik to 6 z 7
Statystyki odpowiedzi
Kraj Stolica % Poprawnych
Niemcy Berlin
99%
Ukraina Kijów
96%
Rosja Moskwa
93%
Czechy Praga
90%
Białoruś Mińsk
89%
Słowacja Bratysława
82%
Litwa Wilno
82%
Nie znaleziono quizów pasujących do podanych kryteriów
Rozkład punktacji
Procent ludzi z każdym wynikiem
Percentyl według liczby udzielonych odpowiedzi
Twoja historia wyników
Nie rozwiązałeś tego quizu